[Event "Hamburg Harburg - ch Gr. H 6th"]
[Site "Hamburg"]
[Date "2008.07.18"]
[Round "1"]
[White "Kuhr, Stefan"]
[Black "Schoppe, Gottfried"]
[Result "1/2-1/2"]
[WhiteElo "1374"]
[BlackElo "1502"]
[PlyCount "69"]
[EventDate "2008.07.20"]
[EventType "tourn"]
[EventRounds "5"]
[EventCountry "GER"]
[SourceDate "2008.01.01"]

1. d4 Nf6 2. c4 g6 3. Nf3 Bg7 4. Nc3 O-O 5. e4 d6 6. Be2 b6 7. Qc2 Bb7 8. Bf4
Re8 9. Rd1 Qc8 10. h4 Qg4 11. g3 Qc8 12. Ng5 Nbd7 13. h5 e5 14. Be3 h6 15. Nf3
g5 16. d5 Ng4 17. Bc1 Nc5 18. b4 Nd7 19. Nxg5 hxg5 20. Bxg4 Bh6 21. Bf5 Qd8 22.
Ne2 Nf6 23. Bd2 Bc8 24. Bxc8 Qxc8 25. f3 Qd7 26. g4 c5 27. a3 cxb4 28. axb4
Rec8 29. Rc1 Rc7 30. Qb3 Rac8 31. Kf2 Kh7 32. Ng3 Ng8 33. Nf5 f6 34. b5 Ne7 35.
Be3 1/2-1/2

[Event "Hamburg Harburg - ch Gr. H 6th"]
[Site "Hamburg"]
[Date "2008.07.19"]
[Round "2"]
[White "Martens, Julian"]
[Black "Schoppe, Gottfried"]
[Result "1/2-1/2"]
[WhiteElo "1527"]
[BlackElo "1502"]
[PlyCount "33"]
[EventDate "2008.07.20"]
[EventType "tourn"]
[EventRounds "5"]
[EventCountry "GER"]
[SourceDate "2008.01.01"]

1. e4 c5 2. Nc3 Nc6 3. g3 Nf6 4. Bg2 d6 5. d3 g6 6. f4 Nd4 7. Nf3 Bg4 8. O-O
Qc8 9. Be3 Nc6 10. a4 Bg7 11. Rb1 O-O 12. Ne2 Rd8 13. c3 Bh6 14. Qd2 b6 15.
Rfd1 Rb8 16. b4 c4 17. Ned4 1/2-1/2

[Event "Hamburg Harburg - ch Gr. H 6th"]
[Site "Hamburg"]
[Date "2008.07.19"]
[Round "2"]
[White "Schwirz, Horst"]
[Black "Becker, Sven"]
[Result "0-1"]
[WhiteElo "1468"]
[BlackElo "1457"]
[PlyCount "44"]
[EventDate "2008.07.20"]
[EventType "tourn"]
[EventRounds "5"]
[EventCountry "GER"]
[SourceDate "2008.01.01"]

1. d4 Nf6 2. Nf3 g6 3. Nc3 Bg7 4. Bf4 d6 5. e4 O-O 6. Qd2 c5 7. O-O-O cxd4 8.
Qxd4 Nh5 9. Be5 Nc6 10. Qd2 Nxe5 11. Nxe5 Bxe5 12. g3 Qa5 13. Nd5 Qxa2 14. c3
Bd7 15. Qe3 Qa1+ 16. Kd2 Qxb2+ 17. Ke1 e6 18. f4 exd5 19. fxe5 Rfe8 20. Rxd5
Rxe5 21. Rxe5 dxe5 22. Be2 Qa1+ 0-1

[Event "Hamburg Harburg - ch Gr. H 6th"]
[Site "Hamburg"]
[Date "2008.07.19"]
[Round "3"]
[White "Becker, Sven"]
[Black "Martens, Julian"]
[Result "1/2-1/2"]
[WhiteElo "1457"]
[BlackElo "1527"]
[PlyCount "29"]
[EventDate "2008.07.20"]
[EventType "tourn"]
[EventRounds "5"]
[EventCountry "GER"]
[SourceDate "2008.01.01"]

1. Nf3 d5 2. g3 e6 3. Bg2 Nf6 4. c4 Be7 5. O-O O-O 6. b3 c5 7. d4 Nc6 8. Bb2
dxc4 9. bxc4 cxd4 10. Nxd4 Nxd4 11. Bxd4 Qc7 12. Qb3 Rd8 13. Bc3 Rb8 14. Nd2
Bd7 15. Rfd1 1/2-1/2

[Event "Hamburg Harburg - ch Gr. H 6th"]
[Site "Hamburg"]
[Date "2008.07.19"]
[Round "3"]
[White "Kuhr, Stefan"]
[Black "Schwirz, Horst"]
[Result "0-1"]
[WhiteElo "1374"]
[BlackElo "1468"]
[PlyCount "50"]
[EventDate "2008.07.20"]
[EventType "tourn"]
[EventRounds "5"]
[EventCountry "GER"]
[SourceDate "2008.01.01"]

1. d4 Nf6 2. c4 g6 3. Nc3 Bg7 4. Nf3 d6 5. g3 O-O 6. Bg2 Nbd7 7. O-O c6 8. e4
e5 9. Bg5 exd4 10. Nxd4 Qb6 11. Nb3 Qc7 12. Bf4 Ne5 13. Qe2 Be6 14. c5 Bc4 15.
Qd2 Bxf1 16. Kxf1 dxc5 17. Qc2 b6 18. Nd2 Nh5 19. Be3 Ng4 20. Re1 Nxh2+ 21. Kg1
Ng4 22. Nf3 Nxe3 23. Rxe3 Nf6 24. Ng5 Ng4 25. Re1 Bd4 0-1

[Event "Hamburg Harburg - ch Gr. H 6th"]
[Site "Hamburg"]
[Date "2008.07.20"]
[Round "4"]
[White "Schwirz, Horst"]
[Black "Schoppe, Gottfried"]
[Result "0-1"]
[WhiteElo "1468"]
[BlackElo "1502"]
[PlyCount "46"]
[EventDate "2008.07.20"]
[EventType "tourn"]
[EventRounds "5"]
[EventCountry "GER"]
[SourceDate "2008.01.01"]

1. d4 Nf6 2. Nf3 g6 3. Nc3 Bg7 4. e4 d6 5. Be3 O-O 6. Qd2 b6 7. O-O-O Bb7 8.
Bd3 e6 9. h3 Nc6 10. a3 Re8 11. Nh2 Kf8 12. Bh6 Ng8 13. Bxg7+ Kxg7 14. Bb5 a6
15. Be2 b5 16. d5 exd5 17. exd5 Ne5 18. f4 Nd7 19. g4 Ndf6 20. Qd4 Kf8 21. g5
Nxd5 22. Bxb5 Nxc3 23. Bxe8 Ne2+ 0-1

[Event "Hamburg Harburg - ch Gr. H 6th"]
[Site "Hamburg"]
[Date "2008.07.20"]
[Round "4"]
[White "Becker, Sven"]
[Black "Kuhr, Stefan"]
[Result "1-0"]
[WhiteElo "1457"]
[BlackElo "1374"]
[PlyCount "57"]
[EventDate "2008.07.20"]
[EventType "tourn"]
[EventRounds "5"]
[EventCountry "GER"]
[SourceDate "2008.01.01"]

1. Nf3 d5 2. g3 Bg4 3. Bg2 c6 4. b3 Nd7 5. Bb2 Ngf6 6. d3 Bxf3 7. Bxf3 e5 8.
Nd2 Bd6 9. O-O Qc7 10. e3 O-O-O 11. c4 Kb8 12. Rc1 Qb6 13. d4 Qa6 14. c5 Bc7
15. Be2 b5 16. cxb6 Qxb6 17. Qc2 Kb7 18. b4 e4 19. a4 Nb8 20. a5 Qxb4 21. Bc3
Qd6 22. Bb4 Qe6 23. Nb3 Nfd7 24. a6+ Kc8 25. Nc5 Qg6 26. Ba3 Bd6 27. Qb3 Nb6
28. Na4 N8d7 29. Rxc6+ 1-0

[Event "Hamburg Harburg - ch Gr. H 6th"]
[Site "Hamburg"]
[Date "2008.07.20"]
[Round "5"]
[White "Kuhr, Stefan"]
[Black "Martens, Julian"]
[Result "1/2-1/2"]
[WhiteElo "1374"]
[BlackElo "1527"]
[PlyCount "26"]
[EventDate "2008.07.20"]
[EventType "tourn"]
[EventRounds "5"]
[EventCountry "GER"]
[SourceDate "2008.01.01"]

1. f4 d5 2. Nf3 Nf6 3. g3 b6 4. Bg2 Bb7 5. O-O e6 6. d3 c5 7. Nbd2 Be7 8. Re1
O-O 9. Ne5 Nc6 10. Ndf3 Nxe5 11. Nxe5 Qc7 12. e3 Rac8 13. b3 Rfd8 1/2-1/2

[Event "Hamburg Harburg - ch Gr. H 6th"]
[Site "Hamburg"]
[Date "2008.07.20"]
[Round "5"]
[White "Schoppe, Gottfried"]
[Black "Becker, Sven"]
[Result "0-1"]
[WhiteElo "1502"]
[BlackElo "1457"]
[PlyCount "54"]
[EventDate "2008.07.20"]
[EventType "tourn"]
[EventRounds "5"]
[EventCountry "GER"]
[SourceDate "2008.01.01"]

1. d4 Nf6 2. c4 e6 3. Nc3 Bb4 4. Bg5 c5 5. e3 Qa5 6. Nge2 Ne4 7. Bh4 Nxc3 8.
bxc3 Bxc3+ 9. Nxc3 Qxc3+ 10. Ke2 Qxc4+ 11. Kf3 Qd5+ 12. e4 Qxd4 13. Bd3 Nc6 14.
Bg3 Ne5+ 15. Bxe5 Qxe5 16. g3 b6 17. Kg2 Bb7 18. Re1 d5 19. Bb5+ Ke7 20. f3
Rhd8 21. exd5 Qb2+ 22. Be2 Rxd5 23. Qa4 Rd2 24. Kf1 Rxe2 25. Qh4+ Kf8 26. Rxe2
Qxa1+ 27. Kf2 Qd4+ 0-1

[Event "Hamburg Harburg - ch Gr. I 6th"]
[Site "Hamburg"]
[Date "2008.07.18"]
[Round "1"]
[White "Kalauch, Johannes"]
[Black "Kuehl, Timo"]
[Result "0-1"]
[WhiteElo "1199"]
[BlackElo "1240"]
[PlyCount "90"]
[EventDate "2008.07.20"]
[EventType "tourn"]
[EventRounds "5"]
[EventCountry "GER"]
[SourceDate "2008.01.01"]

1. d4 Nf6 2. Nf3 g6 3. c4 Bg7 4. e3 O-O 5. Be2 d6 6. O-O Nbd7 7. Nc3 Re8 8. d5
c6 9. Rb1 cxd5 10. b3 dxc4 11. Bxc4 Ng4 12. Ng5 Nde5 13. Bb5 Bd7 14. Bxd7 Qxd7
15. f4 Nc6 16. Bb2 Bxc3 17. Bxc3 Nxe3 18. Qe1 Nxf1 19. Qh4 h5 20. Rxf1 Qf5 21.
Qe1 e5 22. Ne4 Qe6 23. Ng5 Qd7 24. fxe5 Nxe5 25. Bxe5 Rxe5 26. Ne4 Kg7 27. Qc3
Rc8 28. Qd4 Qg4 29. Rxf7+ Kxf7 30. Nxd6+ Kg7 31. Qxe5+ Kh6 32. Qe3+ g5 33. Nf7+
Kg7 34. h3 Qd1+ 35. Kh2 Kxf7 36. Qxg5 Qd6+ 37. Kh1 Rc5 38. Qe3 Rd5 39. Qf4+ Ke7
40. Qe4+ Kd7 41. Qh7+ Kc8 42. Qg8+ Qd8 43. Qe6+ Kb8 44. h4 Qxh4+ 45. Qh3 Qxh3+
0-1

[Event "Hamburg Harburg - ch Gr. I 6th"]
[Site "Hamburg"]
[Date "2008.07.18"]
[Round "1"]
[White "Gloe, Helmut"]
[Black "Brodmann, Jasper Leo"]
[Result "0-1"]
[WhiteElo "1351"]
[BlackElo "1325"]
[PlyCount "68"]
[EventDate "2008.07.20"]
[EventType "tourn"]
[EventRounds "5"]
[EventCountry "GER"]
[SourceDate "2008.01.01"]

1. d4 d5 2. e3 Nc6 3. Nc3 Nf6 4. Nf3 Bg4 5. Be2 e6 6. O-O Bd6 7. Ng5 Bxe2 8.
Qxe2 h6 9. Nh3 g5 10. f4 g4 11. Nf2 h5 12. g3 Nd7 13. e4 Nxd4 14. Qd3 Nf3+ 15.
Kg2 Nc5 16. Qb5+ c6 17. Qe2 Qe7 18. Be3 d4 19. e5 dxe3 20. exd6 Qxd6 21. Qxe3
f5 22. Rad1 Qe7 23. h3 Nd7 24. h4 e5 25. Qd3 Rf8 26. Ne2 O-O-O 27. Qb3 Nb6 28.
Rxd8+ Rxd8 29. c4 Rd2 30. Nc3 exf4 31. c5 Nd7 32. Qg8+ Kc7 33. Na4 fxg3 34.
Kxg3 Qe5+ 0-1

[Event "Hamburg Harburg - ch Gr. I 6th"]
[Site "Hamburg"]
[Date "2008.07.19"]
[Round "2"]
[White "Brodmann, Jasper Leo"]
[Black "Kolschewski, Tobias"]
[Result "1/2-1/2"]
[WhiteElo "1325"]
[BlackElo "1186"]
[PlyCount "50"]
[EventDate "2008.07.20"]
[EventType "tourn"]
[EventRounds "5"]
[EventCountry "GER"]
[SourceDate "2008.01.01"]

1. e4 e5 2. Nf3 Nc6 3. Bb5 Nf6 4. Nc3 Bc5 5. d3 d6 6. Bg5 h6 7. Bh4 Bb4 8.
Bxc6+ bxc6 9. a3 Bxc3+ 10. bxc3 Bg4 11. h3 Bh5 12. g4 Bg6 13. Nd2 d5 14. f3 Rb8
15. d4 Qd6 16. Qe2 h5 17. exd5 Nxd5 18. Nc4 Qe6 19. Nxe5 Nxc3 20. Qd2 Nd5 21.
c4 Nb6 22. Qe2 hxg4 23. hxg4 Nd7 24. f4 Nxe5 25. dxe5 f5 1/2-1/2

[Event "Hamburg Harburg - ch Gr. I 6th"]
[Site "Hamburg"]
[Date "2008.07.19"]
[Round "2"]
[White "Kalauch, Johannes"]
[Black "Gloe, Helmut"]
[Result "1-0"]
[WhiteElo "1199"]
[BlackElo "1351"]
[PlyCount "77"]
[EventDate "2008.07.20"]
[EventType "tourn"]
[EventRounds "5"]
[EventCountry "GER"]
[SourceDate "2008.01.01"]

1. d4 d5 2. Nf3 Nf6 3. e3 Nc6 4. Bd3 Bg4 5. O-O e6 6. Nbd2 Bd6 7. c4 Ne7 8. c5
Bxc5 9. dxc5 e5 10. Be2 Nc6 11. Ng5 Be6 12. Nxe6 fxe6 13. Bb5 Kd7 14. Nf3 Kc8
15. Bxc6 bxc6 16. Nxe5 Qe8 17. Qd3 Rb8 18. Qa6+ Rb7 19. Nxc6 Qh5 20. Nxa7+ Kb8
21. Nc6+ Kc8 22. Qa8+ Kd7 23. Qxb7 Rc8 24. Ne7 Re8 25. Nc6 Rc8 26. Nd4 Ng4 27.
c6+ Kd6 28. h3 Ne5 29. Qxc8 Nf7 30. Qxe6+ Kc5 31. b4+ Kc4 32. b5 Ng5 33. Qg4
Qg6 34. f4 Nxh3+ 35. Qxh3 h5 36. b6 Qd6 37. a4 cxb6 38. Ba3 Qc7 39. Rac1+ 1-0

[Event "Hamburg Harburg - ch Gr. I 6th"]
[Site "Hamburg"]
[Date "2008.07.19"]
[Round "3"]
[White "Gloe, Helmut"]
[Black "Kuehl, Timo"]
[Result "0-1"]
[WhiteElo "1351"]
[BlackElo "1240"]
[PlyCount "78"]
[EventDate "2008.07.20"]
[EventType "tourn"]
[EventRounds "5"]
[EventCountry "GER"]
[SourceDate "2008.01.01"]

1. c4 Nf6 2. Nc3 g6 3. d4 Bg7 4. e4 d6 5. Be3 O-O 6. Bd3 Nbd7 7. f4 c5 8. d5
Nb6 9. Nf3 e6 10. O-O Re8 11. b3 Ng4 12. Bd2 Bxc3 13. Bxc3 Ne3 14. Qe2 Nxf1 15.
Rxf1 exd5 16. cxd5 Nxd5 17. Ba1 Nxf4 18. Qb2 f6 19. Bc4+ Be6 20. Bb5 Rf8 21.
Ng5 Qa5 22. Rxf4 Qe1+ 23. Rf1 Qe3+ 24. Kh1 Qxg5 25. g3 a6 26. Bd3 b5 27. Rf4 d5
28. e5 d4 29. Be4 Rad8 30. Qg2 fxe5 31. Rxf8+ Rxf8 32. Qg1 d3 33. Bc3 b4 34.
Bb2 d2 35. h4 Qxg3 36. Qxg3 d1=Q+ 37. Kh2 Qe2+ 38. Bg2 Qxb2 39. h5 Rf2 0-1

[Event "Hamburg Harburg - ch Gr. I 6th"]
[Site "Hamburg"]
[Date "2008.07.19"]
[Round "3"]
[White "Kolschewski, Tobias"]
[Black "Kalauch, Johannes"]
[Result "1/2-1/2"]
[WhiteElo "1186"]
[BlackElo "1199"]
[PlyCount "82"]
[EventDate "2008.07.20"]
[EventType "tourn"]
[EventRounds "5"]
[EventCountry "GER"]
[SourceDate "2008.01.01"]

1. e4 c5 2. Nf3 Nc6 3. Nc3 g6 4. Bb5 Bg7 5. O-O Nf6 6. d3 O-O 7. Bg5 Qb6 8. a4
a6 9. Bxc6 Qxc6 10. Bxf6 Bxf6 11. Nd5 Qd6 12. Nxf6+ Qxf6 13. e5 Qb6 14. b3 d5
15. exd6 Qxd6 16. Qd2 Kg7 17. Rfe1 f6 18. Qe3 Rf7 19. Rad1 Bg4 20. d4 c4 21.
bxc4 Rd8 22. c5 Qd5 23. h3 Bxf3 24. gxf3 e5 25. c3 Re7 26. f4 Qf7 27. dxe5 Rxd1
28. Rxd1 fxe5 29. fxe5 Qc4 30. Qd4 Qe6 31. f4 Kh6 32. Qe3 Qf5 33. Qg3 Rd7 34.
Rxd7 Qxd7 35. Qg5+ Kg7 36. Qf6+ Kh6 37. e6 Qd1+ 38. Kf2 Qd2+ 39. Kg3 Qe3+ 40.
Kg4 Qe2+ 41. Kg3 Qe3+ 1/2-1/2

[Event "Hamburg Harburg - ch Gr. I 6th"]
[Site "Hamburg"]
[Date "2008.07.20"]
[Round "4"]
[White "Kuehl, Timo"]
[Black "Brodmann, Jasper Leo"]
[Result "0-1"]
[WhiteElo "1240"]
[BlackElo "1325"]
[PlyCount "64"]
[EventDate "2008.07.20"]
[EventType "tourn"]
[EventRounds "5"]
[EventCountry "GER"]
[SourceDate "2008.01.01"]

1. g3 d5 2. Bg2 Nf6 3. Nf3 Nc6 4. d4 Bf5 5. O-O Qd7 6. Bf4 h6 7. Nc3 Bh3 8. Ne5
Nxe5 9. dxe5 Bxg2 10. Kxg2 d4 11. exf6 Qc6+ 12. Ne4 Qxe4+ 13. f3 Qc6 14. fxe7
Bxe7 15. Be5 Bf6 16. Bxd4 Rd8 17. c3 Qb5 18. Qd2 O-O 19. e3 c5 20. a4 Qb6 21.
Qc2 cxd4 22. exd4 Rfe8 23. Rfe1 Qc6 24. Re4 Rxe4 25. fxe4 Rxd4 26. Kf3 Qc4 27.
e5 Rd3+ 28. Kf2 Bxe5 29. Re1 Bd4+ 30. Kg2 Qd5+ 31. Kh3 Qf5+ 32. Kg2 Rxg3+ 0-1

[Event "Hamburg Harburg - ch Gr. I 6th"]
[Site "Hamburg"]
[Date "2008.07.20"]
[Round "4"]
[White "Gloe, Helmut"]
[Black "Kolschewski, Tobias"]
[Result "0-1"]
[WhiteElo "1351"]
[BlackElo "1186"]
[PlyCount "74"]
[EventDate "2008.07.20"]
[EventType "tourn"]
[EventRounds "5"]
[EventCountry "GER"]
[SourceDate "2008.01.01"]

1. d4 Nf6 2. Nc3 d5 3. g3 Bf5 4. Bg2 e6 5. e3 Bb4 6. Bd2 Nc6 7. Nf3 O-O 8. O-O
Bg4 9. a3 Bd6 10. b4 a6 11. Qe1 e5 12. Nxe5 Bxe5 13. dxe5 Nxe5 14. Qb1 Nf3+ 15.
Bxf3 Bxf3 16. h3 d4 17. Nd1 Ne4 18. Bc1 Qg5 19. Kh2 Bxd1 20. exd4 Qh5 21. g4
Qh4 22. c4 Nxf2 23. Rxd1 Qxh3+ 24. Kg1 Nxd1 25. Qf5 Qg3+ 26. Kf1 Rae8 27. Bd2
Ne3+ 28. Bxe3 Rxe3 29. Qf2 Rf3 30. Ra2 Rxf2+ 31. Rxf2 Qd3+ 32. Kg2 Qxd4 33. Kg3
Qxf2+ 34. Kxf2 f5 35. Kg3 fxg4 36. Kxg4 c5 37. bxc5 Rc8 0-1

[Event "Hamburg Harburg - ch Gr. I 6th"]
[Site "Hamburg"]
[Date "2008.07.20"]
[Round "5"]
[White "Kolschewski, Tobias"]
[Black "Kuehl, Timo"]
[Result "0-1"]
[WhiteElo "1186"]
[BlackElo "1240"]
[PlyCount "172"]
[EventDate "2008.07.20"]
[EventType "tourn"]
[EventRounds "5"]
[EventCountry "GER"]
[SourceDate "2008.01.01"]

1. e4 d5 2. exd5 Qxd5 3. Nc3 Qa5 4. Nf3 Nf6 5. Bc4 Bf5 6. d3 e6 7. Bd2 c6 8.
Ne4 Qc7 9. Nxf6+ gxf6 10. Nh4 Bg6 11. Nxg6 hxg6 12. h3 Qe5+ 13. Be3 Bb4+ 14. c3
Ba5 15. Qd2 Nd7 16. d4 Qd6 17. Bf4 e5 18. dxe5 Qxd2+ 19. Bxd2 Nxe5 20. Be2
O-O-O 21. O-O-O Bb6 22. f4 Nd3+ 23. Bxd3 Rxd3 24. Rhe1 Rhd8 25. Rf1 Rg3 26. Rf3
Rxg2 27. c4 Bd4 28. Bc3 Bxc3 29. Rxd8+ Kxd8 30. Rxc3 Kc7 31. Re3 Kd6 32. Rd3+
Ke7 33. Re3+ Kf8 34. Rd3 Re2 35. Rd7 Re7 36. Rd8+ Re8 37. Rd7 Rb8 38. Kc2 a5
39. Kb3 b5 40. c5 Re8 41. Rd3 Re4 42. f5 gxf5 43. Rd6 Re3+ 44. Kc2 Re6 45. Rd8+
Kg7 46. Kd3 f4 47. Rd4 Re3+ 48. Kd2 Rxh3 49. Rxf4 Rh5 50. b4 axb4 51. Rxb4 Rxc5
52. a4 bxa4 53. Rxa4 f5 54. Ke3 Re5+ 55. Kf3 f6 56. Ra1 Re4 57. Rg1+ Kf7 58.
Rc1 Re6 59. Kf4 Re4+ 60. Kxf5 Re5+ 61. Kf4 c5 62. Ra1 Rd5 63. Ke4 Ke6 64. Ra6+
Rd6 65. Ra8 Rd4+ 66. Ke3 Rd7 67. Re8+ Kf5 68. Rh8 Rc7 69. Kd3 c4+ 70. Kc3 Kg4
71. Rf8 f5 72. Rg8+ Kf3 73. Rg1 Kf2 74. Rh1 f4 75. Rh4 f3 76. Rh8 Kf1 77. Rf8
f2 78. Rg8 Re7 79. Kd2 c3+ 80. Kd1 Re2 81. Rh8 c2+ 82. Kc1 Ke1 83. Rh1+ f1=Q
84. Rxf1+ Kxf1 85. Kb2 c1=Q+ 86. Kxc1 Kf2 0-1

[Event "Hamburg Harburg - ch Gr. I 6th"]
[Site "Hamburg"]
[Date "2008.07.20"]
[Round "5"]
[White "Brodmann, Jasper Leo"]
[Black "Kalauch, Johannes"]
[Result "1-0"]
[WhiteElo "1325"]
[BlackElo "1199"]
[PlyCount "37"]
[EventDate "2008.07.20"]
[EventType "tourn"]
[EventRounds "5"]
[EventCountry "GER"]
[SourceDate "2008.01.01"]

1. e4 c5 2. Nf3 Nc6 3. d4 cxd4 4. Nxd4 g6 5. Nc3 Bg7 6. Be3 Nf6 7. Bc4 Qa5 8.
O-O O-O 9. Bb3 e6 10. Nxc6 bxc6 11. Bf4 Nh5 12. Bd6 Re8 13. Qd2 Be5 14. Bxe5
Qxe5 15. Rad1 d5 16. exd5 cxd5 17. Rfe1 Qg7 18. Nxd5 Rd8 19. Ne7+ 1-0

[Event "Hamburg Harburg - ch Gr. J 6th"]
[Site "Hamburg"]
[Date "2008.07.18"]
[Round "1"]
[White "Wollenweber, Lennart"]
[Black "Kalauch, Jonathan"]
[Result "1-0"]
[WhiteElo "1102"]
[BlackElo "878"]
[PlyCount "45"]
[EventDate "2008.07.20"]
[EventType "tourn"]
[EventRounds "5"]
[EventCountry "GER"]
[SourceDate "2008.01.01"]

1. e4 c5 2. Nc3 Nc6 3. g3 g6 4. Bg2 Bg7 5. d3 Nf6 6. f4 Qa5 7. Nf3 Nd4 8. O-O
Nxf3+ 9. Bxf3 d6 10. Ne2 O-O 11. c3 Nd7 12. Be3 e5 13. Bg2 Qd8 14. f5 Qf6 15.
Qd2 Qe7 16. Bh6 b6 17. g4 Qh4 18. Bxg7 Kxg7 19. g5 Bb7 20. Rf3 f6 21. gxf6+
Qxf6 22. fxg6 Qxg6 23. Rg3 1-0

[Event "Hamburg Harburg - ch Gr. J 6th"]
[Site "Hamburg"]
[Date "2008.07.18"]
[Round "1"]
[White "Kalauch, Lucas"]
[Black "Schloesser, Simon"]
[Result "0-1"]
[WhiteElo "1132"]
[BlackElo "937"]
[PlyCount "50"]
[EventDate "2008.07.20"]
[EventType "tourn"]
[EventRounds "5"]
[EventCountry "GER"]
[SourceDate "2008.01.01"]

1. d4 d5 2. Nf3 Nf6 3. e3 Nc6 4. Bd3 Bd7 5. Nbd2 e6 6. O-O Bd6 7. e4 dxe4 8.
Nxe4 Nxe4 9. Bxe4 O-O 10. d5 exd5 11. Qxd5 Be6 12. Bxh7+ Kxh7 13. Qh5+ Kg8 14.
Ng5 Bf5 15. f4 f6 16. Nf7 Rxf7 17. Qxf5 Qd7 18. Qxd7 Rxd7 19. Be3 Re8 20. Rf3
Rxe3 21. Rxe3 Bc5 22. Kf2 Rd2+ 23. Kf3 Nd4+ 24. Kg3 Nf5+ 25. Kf3 Nxe3 0-1

[Event "Hamburg Harburg - ch Gr. J 6th"]
[Site "Hamburg"]
[Date "2008.07.19"]
[Round "2"]
[White "Sakel, Nicolai"]
[Black "Schloesser, Simon"]
[Result "1/2-1/2"]
[WhiteElo "791"]
[BlackElo "937"]
[PlyCount "100"]
[EventDate "2008.07.20"]
[EventType "tourn"]
[EventRounds "5"]
[EventCountry "GER"]
[SourceDate "2008.01.01"]

1. e4 e5 2. Nf3 Nc6 3. Bb5 Nd4 4. Nxd4 exd4 5. c3 c6 6. Bc4 d5 7. exd5 cxd5 8.
Bb5+ Bd7 9. Bxd7+ Qxd7 10. cxd4 Nf6 11. O-O Be7 12. Nc3 O-O 13. d3 Rfe8 14. Bg5
h6 15. Bh4 Qc7 16. Bg3 Qb6 17. Qb3 Qxd4 18. Nb5 Qc5 19. Nc7 b6 20. Nxa8 Rxa8
21. Rac1 Qd4 22. Rce1 Bb4 23. Be5 Qc5 24. Rc1 Qe7 25. Bxf6 gxf6 26. Qxd5 Rd8
27. Qf3 Rd4 28. Qg3+ Kh7 29. Rc8 Rd8 30. Rc7 Qe6 31. a3 Bd6 32. Rc6 Bxg3 33.
Rxe6 fxe6 34. hxg3 Rxd3 35. Re1 e5 36. f4 exf4 37. gxf4 Rd2 38. Re7+ Kg6 39.
Rxa7 Rxb2 40. Rb7 Kf5 41. Rh7 Ra2 42. Rxh6 Rxa3 43. Kf2 b5 44. Rh5+ Kxf4 45.
Rxb5 Ra2+ 46. Kg1 f5 47. Rb4+ Kg3 48. Rb3+ Kg4 49. Rb4+ f4 50. Kh2 Kf5 1/2-1/2

[Event "Hamburg Harburg - ch Gr. J 6th"]
[Site "Hamburg"]
[Date "2008.07.19"]
[Round "2"]
[White "Kalauch, Jonathan"]
[Black "Kalauch, Lucas"]
[Result "0-1"]
[WhiteElo "878"]
[BlackElo "1132"]
[PlyCount "84"]
[EventDate "2008.07.20"]
[EventType "tourn"]
[EventRounds "5"]
[EventCountry "GER"]
[SourceDate "2008.01.01"]

1. d4 d5 2. e3 Bf5 3. Nf3 e6 4. Bd3 Bxd3 5. Qxd3 Nf6 6. O-O Bd6 7. Nc3 Nbd7 8.
Nb5 Be7 9. Nc3 O-O 10. Re1 Bd6 11. Nb5 Be7 12. Nc3 Rc8 13. Ne2 c5 14. c3 c4 15.
Qc2 Qc7 16. Ng3 Bd6 17. Bd2 Rfe8 18. Re2 b5 19. b4 a5 20. a3 Ra8 21. Ree1 Ra6
22. Rab1 Rea8 23. Rb2 axb4 24. axb4 Bxg3 25. fxg3 Ne4 26. Rc1 Ndf6 27. Ne5 Ra1
28. Be1 R8a6 29. Rxa1 Rxa1 30. Rb1 Qa7 31. g4 Qa3 32. h3 Rxb1 33. Qxb1 Nxc3 34.
Bxc3 Qxc3 35. Qf1 Qxe3+ 36. Kh2 Qxd4 37. Nf3 Qf4+ 38. Kh1 Ne4 39. Qe1 Qg3 40.
Qe3 Qf2 41. Qc1 h6 42. Nh2 Ng3# 0-1

[Event "Hamburg Harburg - ch Gr. J 6th"]
[Site "Hamburg"]
[Date "2008.07.19"]
[Round "3"]
[White "Wollenweber, Lennart"]
[Black "Sakel, Nicolai"]
[Result "1-0"]
[WhiteElo "1102"]
[BlackElo "791"]
[PlyCount "27"]
[EventDate "2008.07.20"]
[EventType "tourn"]
[EventRounds "5"]
[EventCountry "GER"]
[SourceDate "2008.01.01"]

1. e4 e5 2. Nf3 Nc6 3. d4 exd4 4. Nxd4 Nf6 5. Nxc6 bxc6 6. Nc3 Bb4 7. Qf3 O-O
8. Bg5 Bxc3+ 9. bxc3 Re8 10. Bd3 d5 11. O-O Re6 12. Rfe1 Re5 13. Qg3 Qe8 14.
Bxf6 1-0

[Event "Hamburg Harburg - ch Gr. J 6th"]
[Site "Hamburg"]
[Date "2008.07.19"]
[Round "3"]
[White "Schloesser, Simon"]
[Black "Kalauch, Jonathan"]
[Result "0-1"]
[WhiteElo "937"]
[BlackElo "878"]
[PlyCount "114"]
[EventDate "2008.07.20"]
[EventType "tourn"]
[EventRounds "5"]
[EventCountry "GER"]
[SourceDate "2008.01.01"]

1. e4 c5 2. Nf3 Nc6 3. d4 cxd4 4. Nxd4 g6 5. Nxc6 bxc6 6. Bc4 Bg7 7. Nc3 d6 8.
O-O Nf6 9. Re1 O-O 10. Bg5 Qa5 11. Qd2 Qb6 12. b3 Qa5 13. Na4 Qxd2 14. Bxd2
Nxe4 15. Rad1 Nxd2 16. Rxd2 Re8 17. Rxd6 Bb7 18. Rd7 Bc8 19. Rdxe7 Rxe7 20.
Rxe7 Be6 21. Bxe6 fxe6 22. Rxe6 Rc8 23. h3 Rc7 24. Nc5 Bd4 25. Re8+ Kf7 26. Rh8
Bxh8 27. Kf1 Re7 28. f4 Re8 29. Nb7 Kg7 30. Kf2 Re4 31. Kf3 Re7 32. Nd6 Rd7 33.
Nc4 Kg8 34. g4 Kf8 35. Ke4 Ke7 36. h4 Rd4+ 37. Ke3 Rd1 38. Na5 c5 39. Nc6+ Kd6
40. Nxa7 Rh1 41. Nc8+ Kd7 42. Nb6+ Kc6 43. Nc4 Rxh4 44. Kf3 Rh2 45. Ne3 Bd4 46.
Nc4 Rxc2 47. a4 Ra2 48. Ke4 Re2+ 49. Kd3 Re8 50. b4 Ra8 51. b5+ Kb7 52. a5 Bf6
53. a6+ Ka7 54. Ke4 Rb8 55. Nd6 Be7 56. Kd5 Bxd6 57. Kxd6 Rxb5 0-1

[Event "Hamburg Harburg - ch Gr. J 6th"]
[Site "Hamburg"]
[Date "2008.07.20"]
[Round "4"]
[White "Sakel, Nicolai"]
[Black "Kalauch, Jonathan"]
[Result "0-1"]
[WhiteElo "791"]
[BlackElo "878"]
[PlyCount "66"]
[EventDate "2008.07.20"]
[EventType "tourn"]
[EventRounds "5"]
[EventCountry "GER"]
[SourceDate "2008.01.01"]

1. e4 c5 2. Nf3 Nc6 3. Bc4 g6 4. Nc3 Bg7 5. O-O d6 6. a3 Nf6 7. d3 O-O 8. Bg5
a6 9. a4 Rb8 10. Qc1 Bd7 11. Bh6 Na5 12. Ba2 b5 13. axb5 axb5 14. Qd2 b4 15.
Ne2 Nc6 16. Bxg7 Kxg7 17. c3 Kg8 18. Qh6 bxc3 19. bxc3 Rb2 20. Ng3 Rc2 21. Rfc1
Rxc1+ 22. Rxc1 Qa5 23. Bd5 Qa3 24. Ne2 Qb2 25. Kf1 Na5 26. Bc4 Nxc4 27. dxc4
Nxe4 28. Qe3 Bc6 29. Qd3 Rb8 30. Rc2 Qa3 31. Rc1 Rb2 32. Rd1 Ba4 33. Rb1 Bc2
0-1

[Event "Hamburg Harburg - ch Gr. J 6th"]
[Site "Hamburg"]
[Date "2008.07.20"]
[Round "4"]
[White "Wollenweber, Lennart"]
[Black "Kalauch, Lucas"]
[Result "0-1"]
[WhiteElo "1102"]
[BlackElo "1132"]
[PlyCount "62"]
[EventDate "2008.07.20"]
[EventType "tourn"]
[EventRounds "5"]
[EventCountry "GER"]
[SourceDate "2008.01.01"]

1. e4 c5 2. Nc3 Nc6 3. g3 g6 4. Bg2 Bg7 5. d3 Nf6 6. Be3 d6 7. Qd2 Ng4 8. Nf3
Nxe3 9. Qxe3 O-O 10. h4 Bg4 11. Bh3 Bxf3 12. Qxf3 Ne5 13. Qd1 h6 14. Rc1 Qb6
15. Nd5 Qd8 16. c3 Nc6 17. h5 g5 18. f4 e6 19. fxg5 Qxg5 20. Nc7 Qxg3+ 21. Kf1
Rad8 22. Nb5 Qf4+ 23. Ke1 d5 24. e5 Qxe5+ 25. Kf1 Qf4+ 26. Ke1 Qe3+ 27. Kf1 a6
28. Na3 Ne5 29. Rc2 Qxd3+ 30. Qe2 Qxe2+ 31. Rxe2 d4 0-1